000 02256nam0a22003491 4500
001 v19\rc\1639016
005 20260406145032.0
035 _a(NLR Aleph) 004752670
090 _a4544711
_c4544711
100 _a20061002d1901 |||y0rusy50 ca
101 0 _arus
102 _aRU
105 _aa z |||||
200 1 _aПреподобная Мария Египетская
_e[Сборник]
_fН.Ч.
205 _a2-е изд.
210 _aМосква
_cтип. т-ва И.Д. Сытина
_d1901
215 _a126, II с.
_cил.
300 _aЗагл. обл.: Жизнь преподобной матери нашей Марии Египетской
327 1 _aСодерж.: Жизнеописание преп. Марии Египетской. Преподобная Мария как образец покаяния. О св. покаянии и евхаристии. Извлечение из Великого канона св. Андрея Критского (в стихах)
464 0 _12001#$aЖизнеописание преподобной Марии Египетской
_tЖизнеописание преподобной Марии Египетской
464 0 _12001#$aПреподобная Мария как образец покаяния
_tПреподобная Мария как образец покаяния
464 0 _12001#$aО св. покаянии и евхаристии
_tО св. покаянии и евхаристии
464 0 _12001#$aИзвлечение из Великого канона св. Андрея Критского$eВ стихах
_1700#0$aАндрей Критский$cархиепископ$f633-712$3RU\NLR\AUTH\774461
_tИзвлечение из Великого канона св. Андрея Критского
_aАндрей Критский (архиепископ ; 633-712)
512 0 _aЖизнь преподобной матери нашей Марии Египетской
702 0 _4570
_8rus
_7ca
_aМария Египетская
_f6 в.
_cсвятая
_3RU\NLR\AUTH\774462
_9114442
801 0 _aRU
_bNLR
_gpsbo
801 0 _aRU
_bRuMoRGB
_2psbo
801 1 _aRU
_bProSoft-M
_2rusmarc
852 _aNLR
_j34.1.5.57
942 _cBOOK
980 _aNB